|
|
|
|
| LEADER |
00833nam a22002057a 4500 |
| 008 |
120508t xxu||||| |||| 00| 0 eng d |
| 020 |
|
|
|a 9789221196228
|
| 040 |
|
|
|a ACDL
|c ACDL
|
| 082 |
|
|
|2 22
|a 344.014133
|
| 110 |
|
|
|a International labour office
|9 1797
|
| 245 |
|
|
|a ABC of women workers' right and gender equality
|
| 250 |
|
|
|a Second ed.
|
| 260 |
|
|
|a Geneva:
|b International labour office,
|c 2007
|
| 300 |
|
|
|a xii, 209 p. ;
|c 26 cm.
|
| 500 |
|
|
|a Includes bibliogrpahy (p. 203-206)
|
| 650 |
|
|
|a Sex discrimination in employment -- Law and legislation.
|a Women -- Employment -- Law and legislation.
|9 1798
|
| 541 |
|
|
|e 00026002
|
| 942 |
|
|
|2 ddc
|c BK
|
| 999 |
|
|
|c 12146
|d 12146
|
| 952 |
|
|
|0 0
|1 0
|2 ddc
|4 0
|6 344_014133000000000_ABC
|7 0
|9 21474
|a BRACUL
|b BRACUL
|c GEN
|d 2012-12-02
|l 1
|m 1
|o 344.014133 ABC
|p 3010026320
|r 2013-11-20
|s 2013-11-08
|t 1
|w 2012-12-02
|y BK
|